000 01281nam a2200349 i 4500
001 000028451
003 DO-SdBNP
005 20260309123005.0
007 ta
008 110408s2010 dr a 000 e spa d
020 _a9789945460759
040 _aDO-SdBNP
_bspa
_cBNPHU
_erda
041 _aspa
082 4 _aRD864.44
_bS211r 2010
_222
100 1 _aSánchez Guerrero, Natacha
_945169
_4aut.
_eautor
245 1 0 _aReflexiones :
_bsobre la vida y la muerte /
_cNatacha Sánchez ; dibujos Barbara Bosch.
250 _aSegunda edición
264 1 _aSanto Domingo :
_bEditorial Santuario,
_c2010.
300 _a106 páginas :
_bilustraciones ;
_c22 cm.
336 _atexto
_btxt
_2rdacontent
337 _asin mediación
_bn
_2rdamedia
338 _avolumen
_bnc
_2rdacarrier
500 _aIncluye datos biográficos de la autora en la solapa de la cubierta.
590 _aInventariado, 2024/ YL
650 7 _aEnsayos dominicanos
_965
_2LEMB
650 7 _aLiteratura dominicana.
_967
_2LEMB
650 7 _aDiarios dominicanos
_xSecciones, columnas, etc.
_944
_2LEMB
700 1 _aBosch, Barbara,
_eilustraciones
_945170
_4ils.
730 0 _aEl Nacional (República Dominicana)
_pSuma para la Convivencia
_945171
910 _aValidado. Control de calidad EMS
942 _2ddc
_cLBS1
999 _c27943
_d27943